000 02481nam a2200445 c 4500
999 _c205296
_d205296
003 BLK
005 20250729102804.0
008 180411b bul|||||r ||||||| ||bul||
010 _aKNG00214901000
020 _a978-619-187-025-7
040 _aBLK
041 _aBUL
_cBUL
072 7 _2bullib
_aН372
_xУчебни предмети. Учебници Н
080 _aЛитература в основното училище. Методика на обучението
_b373.3.016:821
_x(082)(075.2)
_z373.3.016:821(082)(075.2)
100 1 _aИнев, Иван Кирилов
_eпърви автор
_9370900
139 _aХристоматия по литература VІІІ клас
_bХ 83
245 1 0 _aХристоматия по литература VІІІ клас
_bС всички произведения по навата програма и аудиозаписи
_cИван Кирилов Инев; * Албена Николова Руневска-Георгиева; * Мариана Василева Бакърджиева; * Мариана Христова Христова; * Димитър Валентинов Драгнев.
257 _aBGR
260 _bБГ учебник
_c2017
_fСофия : Алианс принт
300 _a420 с.
_c24 см
380 _a3
500 _aЗагл. в изд. каре: Христоматия по литература за 8. клас. - Други авт.: Албена Руневска, Мариана Бакърджиева, Мариана Христова, Димитър Драгнев.
650 7 _aЛитература - христоматии - учебници за основни училища
_2
_9160542
653 _aлитература
653 _aхристоматии
653 _aVІІІ кл.
653 _aучебници за основни училища
659 _aН
700 1 _aРуневска-Георгиева, Албена Николова
_e*
_9117375
700 1 _aБакърджиева, Мариана Василева
_e*
_9371904
700 1 _aХристова, Мариана Христова
_e*
_9350650
700 1 _aДрагнев, Димитър Валентинов
_e*
_9350651
852 _aЦб 288511
856 4 _qpdf
856 4 _qpdf
942 _cKNG
_n0
_019
944 _aCR
_c16.12.2017
_lЦветомила Тодорова
_k30576
944 _aED
_c01.04.2018
_lф /
_kВиолета_Тройчева
999 _d205296